Pen sketches /

Bibliographic Details
Corporate Author: C.F. Braun & Co (Printer)
Format: Book
Language:English
Published: Alhambra, California : Private Press of C.F. Braun & Co., 1964.
Subjects:

MARC

Tag First Indicator Second Indicator Subfields
LEADER 00000cam a2200000Ii 4500
001 in00000558521
005 20190826150633.0
008 800627s1964 caua 000 0 eng d
035 |a (OCoLC)ocm06468088 
035 |a (OCoLC)06468088 
035 |9 ACK6632AM 
040 |a CRU  |b eng  |c CRU  |d OCL  |d OCLCG  |d OCLCQ  |d OCLCF  |d OCLCO  |d TXA 
019 |a 84521639 
035 |a (OCoLC)6468088  |z (OCoLC)84521639 
043 |a n-usp-- 
050 4 |a NC139.R8  |b A3 
090 |a NC139.R8  |b A4 1964 
049 |a TXAS  |c [1703360] 
049 |a TXAM 
100 1 |a Russell, Charles M.  |q (Charles Marion),  |d 1864-1926,  |e artist. 
245 1 0 |a Pen sketches /  |c Charles M. Russel. 
264 1 |a Alhambra, California :  |b Private Press of C.F. Braun & Co.,  |c 1964. 
300 |a 25 unnumbered leaves :  |b illustrations ;  |c 22 x 28 cm 
336 |a text  |b txt  |2 rdacontent 
336 |a still image  |b sti  |2 rdacontent 
337 |a unmediated  |b n  |2 rdamedia 
338 |a volume  |b nc  |2 rdacarrier 
500 |a Foreword by John G. Braun. 
580 |a The Cushing Library/Lowman/Book Design copy forms part of the Book Design Section of the Al Lowman Printing Arts Collection and Research Archive. 
600 1 0 |a Russell, Charles M.  |q (Charles Marion),  |d 1864-1926. 
651 0 |a West (U.S.)  |v In art. 
650 0 |a Drawing, American  |y 19th century. 
600 1 7 |a Russell, Charles M.  |q (Charles Marion),  |d 1864-1926.  |2 fast  |0 (OCoLC)fst00046808 
651 7 |a United States, West.  |2 fast  |0 (OCoLC)fst01243255 
655 7 |a Art.  |2 fast  |0 (OCoLC)fst01423702 
710 2 |a C.F. Braun & Co.,  |e printer. 
773 0 |t Al Lowman Printing Arts Collection and Research Archive. 
776 0 8 |i Online version:  |a Russell, Charles M. (Charles Marion), 1864-1926.  |t Pen sketches.  |b Private ed.  |d Alhambra, Calif : Private press of C.F. Braun Co., 1964  |w (OCoLC)764170861 
994 |a C0  |b TXA 
948 |a updated  |b h  |c 2019/8/26  |d c  |e nbehmer  |f 3:05:26 pm 
999 f f |s bb368f44-2d5f-393a-b0f9-bc1c83249d74  |i f539d8c8-3683-3da0-bae5-ac581bcc37d1  |t 0 
952 f f |p noncirc  |a Texas A&M University  |b College Station  |c Cushing Memorial Library & Archives  |d Cushing: Dykes (Does not check out)  |t 0  |e NC139.R8 A4 1964  |h Library of Congress classification  |i unmediated -- volume  |m A14853127064 
952 f f |p noncirc  |a Texas A&M University  |b College Station  |c Cushing Memorial Library & Archives  |d Cushing: Lowman (Does not check out)  |t 0  |e NC139.R8 A4 1964  |h Library of Congress classification  |i unmediated -- volume 
998 f f |a NC139.R8 A4 1964  |t 0  |l Cushing: Dykes (Does not check out) 
998 f f |a NC139.R8 A4 1964  |t 0  |l Cushing: Lowman (Does not check out)